Movies Quiz

Random Movies or Animation Quiz

Computer Animation Movies Names Quiz Stats

 Plays Quiz not verified by Sporcle

Support Sporcle.
Go Orange.
Score 0/64 Timer 20:00
0 Plays Today
% Correct
Toy Story
72.5%
Toy Story 2
72.5%
Toy Story 3
72.5%
Shrek
71.3%
Shrek 2
71.3%
Shrek Terceiro
71.3%
Shrek Para Sempre
71.3%
Madagascar
40%
Madagascar 2
40%
Wall-E
36.3%
Formiguinhaz
30%
Up Altas Aventuras
30%
Tá Dando Onda
26.3%
Tá Chovendo Hamburger
26.3%
Kung Fu Panda
22.5%
Bolt
20%
Ratatouille
18.8%
Rio
15%
O Bicho Vai Pegar
13.8%
O Bicho Vai Pegar 2
13.8%
O Bicho Vai Pegar 3
13.8%
Carros
13.8%
Carros 2
13.8%
Monstros vs Alienígenas
12.5%
Monstros S.A
12.5%
Os Sem Floresta
12.5%
Procurando Nemo
12.5%
Vida de Inseto
11.3%
Lucas Um Intruso No Formigueiro
11.3%
Bee Movie
11.3%
O Espanta Tubarões
11.3%
Garfield Cai Na Real
11.3%
% Correct
A Festa do Garfield
11.3%
Megamente
11.3%
Enrolados
11.3%
A Família do Futuro
11.3%
Meu Malvado Favorito
10%
A Era do Gelo
10%
A Era do Gelo 2
10%
A Era do Gelo 3
10%
Happy Feet
10%
Marte Precisa de Mães
10%
Os Incríveis
10%
Horton e o Mundo dos Quem
10%
Como Treinar o Seu Dragão
8.8%
As Tartarugas Ninjas O Retorno
8.8%
O Expresso Polar
8.8%
A Lenda de Beowulf
8.8%
O Corajoso Ratinho Despereaux
7.5%
Valiant
7.5%
Deu a Louca na Chapeuzinho
7.5%
Deu a Louca na Cinderela
7.5%
Deu a Louca na Branca de Neve
7.5%
A Lenda dos Guardiões
7.5%
A Casa Monstro
6.3%
Animais Unidos Jamais Serão Vencidos
6.3%
O Segredos dos Animais
6.3%
Space Chimps
5%
Rango
5%
Selvagem
3.8%
Kung Fu Panda 2
3.8%
Robôs
2.5%
Planeta 51
2.5%
Astroboy
1.3%

You're not logged in!

Compare scores with friends on all Sporcle quizzes.
OR
Log In

From the Vault

Quick Math Challenge

by RobPro

Watch out for flying numbers!
Remove Ads.
Support Sporcle.
Get the best of Sporcle when you Go Orange. This ad-free experience offers more features, more stats, and more fun while also helping to support Sporcle. Thank you for becoming a member.

Show Comments

Extras

Top Quizzes Today


Score Distribution

Your Account Isn't Verified!

In order to create a playlist on Sporcle, you need to verify the email address you used during registration. Go to your Sporcle Settings to finish the process.

Report this User

Report this user for behavior that violates our Community Guidelines.

Details: